A Winter in New York (Record no. 3521)
[ view plain ]
| 000 -LEADER | |
|---|---|
| fixed length control field | 00364nam a22001457a 4500 |
| 008 - FIXED-LENGTH DATA ELEMENTS--GENERAL INFORMATION | |
| fixed length control field | 250515b |||||||| |||| 00| 0 eng d |
| 020 ## - INTERNATIONAL STANDARD BOOK NUMBER | |
| ISBN | 9780241995938 |
| 100 ## - MAIN ENTRY--AUTHOR | |
| Author | Silver, Josie |
| 245 ## - TITLE STATEMENT | |
| Title | A Winter in New York |
| 260 ## - PUBLICATION, DISTRIBUTION, ETC. (IMPRINT) | |
| Place of publication | Dublin |
| Name of publisher | Penguin |
| Date of publication | 2023 |
| 300 ## - COLLATION | |
| Pagination | 377p. |
| 650 ## - TRACINGS | |
| Main Subject | Cooks - Fiction |
| Subdivision (1st) | Food - Fiction |
| 942 ## - ADDED ENTRY ELEMENTS (KOHA) | |
| Item type | Books |
| 050 ## - LIBRARY OF CONGRESS CALL NUMBER | |
| Classification number | PR6119.I453 |
| Item number | .W56 |
| Source of classification or shelving scheme | Not for loan | Permanent location | Current location | Date acquired | Accession No. | Full call number | Barcode. | Koha item type |
|---|---|---|---|---|---|---|---|---|
| Library of Congress Classification | Samuel Ogbemudia Main Library, University of Abuja | Samuel Ogbemudia Main Library, University of Abuja | 05/15/2025 | 2024/63928 | PR6119.I453.W56 | 2025-1994 | Books |